|
|
|
|
| LEADER |
00000nab a2200000 a 4500 |
| 001 |
vtls000110465 |
| 003 |
SK-MaSNL |
| 005 |
20260304235145.0 |
| 008 |
250422c1981 xo 0 slo |
| 015 |
|
|
|a SNBRB19rr/mm-uuuuu
|
| 035 |
|
|
|a CL0120568
|
| 035 |
|
|
|a urn:nbn:sk:snk-ab1up2
|
| 035 |
|
|
|a (urnnbn)urn:nbn:sk:snk:ar-a00zpf
|
| 035 |
|
|
|a (uuid)d7b39027-12a2-4a73-86d1-68572f623047
|
| 040 |
|
|
|a SNKBUCL
|b slo
|c SNKBUCL
|e AACR2
|
| 041 |
0 |
|
|a slo
|
| 044 |
|
|
|a xo
|c SK
|
| 080 |
|
|
|a 785
|2 1981
|
| 100 |
1 |
|
|a Nováček, Zdenko,
|d 1923-1987
|4 aut
|9 198141
|
| 245 |
1 |
0 |
|a Gustav Mahler: Symphony No. 6 a moll
|c Zdenko Nováček ; Gustav Mahler
|
| 600 |
1 |
7 |
|a Mahler, Gustav,
|d 1860-1911
|2 snkbucl
|9 123158
|
| 650 |
0 |
7 |
|a symfonická hudba
|2 snkbucl
|9 68261
|
| 655 |
|
7 |
|a články z novín a časopisov
|2 snkbucl
|9 267496
|
| 700 |
1 |
|
|a Mahler, Gustav,
|d 1860-1911
|4 aut
|9 123158
|
| 773 |
0 |
|
|t Hudobný život
|g Roč. 13, č. 24 (1981), s. 3
|
| 787 |
0 |
8 |
|i Rec.:
|a Mahler, Gustav
|t Symphony No. 6 a Moll
|d Praha : Supraphon Stereo/Kvadro 1410 3141/2 QZA, 1981
|
| 850 |
|
|
|a Slovenská národná knižnica
|
| 852 |
|
|
|a Slovenská národná knižnica
|
| 954 |
|
|
|a odborná, vedecká literatúra pôvodná (slovenská)
|2 lita
|
| 958 |
|
|
|a article27
|
| 958 |
|
|
|a OND
|
| 958 |
|
|
|a RK
|
| 958 |
|
|
|a CZ
|
| 958 |
|
|
|a EUIPO
|
| 992 |
|
|
|a RBX
|
| 999 |
|
|
|c 3207721
|d 3209651
|